000 00320nam a22001337a 4500
008 171024b xxu||||| |||| 00| 0 eng d
020 _a0030531217
041 _aeng
080 _a311
100 _a55
101 _aSTA
245 _aINTRODUCTORY STATISTICS FOR BUSINESS AND ECONOM,Y
_cSOUTH.J.B
942 _2udc
_cBK
999 _c35664
_d35664